| 000 | 00435 a2200169 4500 | ||
|---|---|---|---|
| 041 | _aEng. | ||
| 082 | _aCD5104 | ||
| 100 | _aDumre, Krishna | ||
| 245 | _aCredit management of Everest Bank Limited | ||
| 260 |
_aKathmandu _c2010 |
||
| 502 |
_aDissertation _bDegree in Management _cShanker Dev Campus |
||
| 650 | _aBanks & banking | ||
| 650 | _aCredit policy | ||
| 650 | _aLending policy | ||
| 653 | _aManagement | ||
| 942 |
_2ddc _cVM |
||
| 999 |
_c62388 _d62376 |
||